000 00529nam a2200217Ia 4500
003 OSt
005 20220924133751.0
006 a|||||r|||| 00| 0
007 ta
008 220923b |||||||| |||| 00| 0 snd d
024 _a268690
037 _cTextual
040 _aARTS
_cARTS
_bsnd
041 _2snd
_asnd
082 _aD65, 1593M1
100 _aSunder J. Gurbani
_9207283
245 0 _aBijli gyan
260 _c1981
942 _hD65, 1593M1
_cTEXL
_2CC
999 _c435093
_d435093